000 01024nam a2200241 i 4500
001 128644
003 ES-MaACL
005 20251012184334.0
007 t|
008 070521s1950 sp ||||1| spa d
080 _a616.234-002.6
100 1 _aTapia, Manuel.
_9109229
245 1 4 _aLas formas anatomoclínicas de la tuberculosis tráqueobronquial en sus relaciones con la tuberculosis pulmonar del niño y del adulto /
_cpor el doctor Manuel Tapia, con la colaboración de los doctores José Manuel Soares de Oliveira y Luis Cerezo ; con un capítulo sobre la técnica de la broncoscopia por el doctor Antonio da Costa Quinta.
250 _a1ª ed.
260 _aMadrid :
_bAlhambra,
_c[1950]
300 _a718 p., [32] h. de lám. :
_bil. ;
_c24 cm.
650 7 _aTuberculosis
_2embne
_917658
700 1 _aSoares de Oliverira, José Manuel.
_9106977
700 1 _aCerezo, Luis.
_937497
700 1 _aQuinta, A. da Costa,
_d1908-1971
_9173491
852 _aES-MaACL
_jE-1441
999 _c128644
_d128644